|
|
|
|
| LEADER |
00000nab a2200000 a 4500 |
| 001 |
vtls001005945 |
| 003 |
SK-MaSNL |
| 005 |
20260303041652.0 |
| 008 |
040720e19990518xo 0 slo |
| 035 |
|
|
|a RV6545
|
| 040 |
|
|
|a RVGKPD
|b slo
|c RVGKPD
|e AACR2
|
| 041 |
0 |
|
|a slo
|
| 044 |
|
|
|a xo
|c SK
|
| 080 |
|
|
|a 373.31
|2 1981
|
| 100 |
0 |
|
|a (jkč)
|4 aut
|9 1024004
|
| 245 |
1 |
0 |
|a Tridsať školských rokov
|
| 300 |
|
|
|b 1 obr.
|
| 500 |
|
|
|a správy
|
| 610 |
2 |
7 |
|a Základná škola (Krásnohorské Podhradie, Slovensko)
|2 RVGKPD
|9 58685
|
| 650 |
0 |
7 |
|a výročie založenia 30.
|2 RVGKPD
|9 288001
|
| 650 |
0 |
7 |
|a oslavy
|2 RVGKPD
|9 484766
|
| 651 |
|
7 |
|a Krásnohorské Podhradie (Slovensko)
|2 RVGKPD
|9 26876
|
| 655 |
|
7 |
|a periodikum
|2 snkbucl
|9 29553
|
| 710 |
2 |
|
|a Základná škola (Krásnohorské Podhradie, Slovensko)
|4 aut
|9 58685
|
| 773 |
0 |
8 |
|t Zora Gemera
|g Roč. 7, č.20, 18.5.1999, s. 2
|
| 852 |
|
|
|a ZVYKNI
|b KIS3GCP
|
| 999 |
|
|
|c 1688198
|d 1690128
|